000
00274nam a2200109Ia 4500
008
230320s9999||||xx |||||||||||||| ||spa||
082
_a
268.433/P54R
100
_a
Piédrola Sala, Eduardo
245
0
_a
Religión Y Moral Católica 4 :
260
_b
Edelvives
942
_8
0
_c
LIB
999
_c
51021
_d
51021